000 01064nam a2200229Ia 4500
003 Ost
005 20260507075311.0
008 260507s9999||||xx |||||||||||||| ||und||
020 _a7057212977
040 _cfsecg
041 _aara
082 _a330
100 _aواتسن، دونلدس
_eمؤلف
245 0 _aنظرية السعر و استخداماتها :
_bالجزء الثاني /
_c دونلدس واتسن
260 _aالاسكندرية:
_bمؤسسة شباب الجامعة,
_c2007
300 _a295 صفحة؛
_bإيضاحات ؛
_c24 سم
520 _aالاسعار في ظل المنافسة التامة : أسعار الامد القصير في ظل المنافسة التامة و أسعار الامد الطويل في ظل المنافسة التامة ، التوازن في ظل المنافسة التامة : بعض التطبيقات مع وجود ملاحضات رياضية.
653 _aالأسعار
653 _aالمنافسة
700 _aهومان، ماريا
_eمؤلف ثانوي
942 _cكتاب
999 _c43864
_d43864